<?xml version="1.0" encoding="UTF-8"?>
<record
    xmlns:xsi="http://www.w3.org/2001/XMLSchema-instance"
    xsi:schemaLocation="http://www.loc.gov/MARC21/slim http://www.loc.gov/standards/marcxml/schema/MARC21slim.xsd"
    xmlns="http://www.loc.gov/MARC21/slim">

  <leader>00725nam a2200205Ia 4500</leader>
  <controlfield tag="003">GCL</controlfield>
  <controlfield tag="005">20240530103158.0</controlfield>
  <controlfield tag="008">140319s9999    xx            000 0 ara d</controlfield>
  <datafield tag="040" ind1=" " ind2=" ">
    <subfield code="a">GCL / </subfield>
    <subfield code="c">GCL</subfield>
  </datafield>
  <datafield tag="082" ind1="0" ind2="4">
    <subfield code="a">&#x634; &#x641;</subfield>
    <subfield code="b">7914.43</subfield>
    <subfield code="b">&#x641; &#x631;</subfield>
  </datafield>
  <datafield tag="100" ind1="1" ind2=" ">
    <subfield code="a">&#x641;&#x637;&#x64A;&#x646; &#x639;&#x628;&#x62F;&#x627;&#x644;&#x648;&#x647;&#x627;&#x628;</subfield>
  </datafield>
  <datafield tag="245" ind1="1" ind2="0">
    <subfield code="a">&#x631;&#x62D;&#x644;&#x629; &#x644;&#x630;&#x64A;&#x630;&#x629; (&#x634;&#x631;&#x627;&#x626;&#x637; &#x641;&#x64A;&#x62F;&#x64A;&#x648;) / </subfield>
    <subfield code="c">&#x641;&#x637;&#x64A;&#x646; &#x639;&#x628;&#x62F;&#x627;&#x644;&#x648;&#x647;&#x627;&#x628;</subfield>
  </datafield>
  <datafield tag="260" ind1=" " ind2=" ">
    <subfield code="a">&#x627;&#x644;&#x642;&#x627;&#x647;&#x631;&#x629; : </subfield>
    <subfield code="b">&#x627;&#x641;&#x644;&#x627;&#x645; &#x62C;&#x645;&#x627;&#x644; &#x627;&#x644;&#x644;&#x64A;&#x62B;&#x649; &#x644;&#x644;&#x633;&#x64A;&#x646;&#x645;&#x627; &#x648;&#x627;&#x644;&#x641;&#x64A;&#x62F;&#x64A;&#x648;</subfield>
  </datafield>
  <datafield tag="300" ind1=" " ind2=" ">
    <subfield code="a">1 &#x634;&#x631;&#x64A;&#x637;:</subfield>
    <subfield code="b">&#x633; &#x60C; &#x628; &#x61B; </subfield>
    <subfield code="c">1\2 &#x628;&#x648;&#x635;&#x629;</subfield>
  </datafield>
  <datafield tag="650" ind1="0" ind2="4">
    <subfield code="a">&#x627;&#x644;&#x627;&#x641;&#x644;&#x627;&#x645; &#x627;&#x644;&#x639;&#x631;&#x628;&#x64A;&#x629;</subfield>
  </datafield>
  <datafield tag="650" ind1="0" ind2="4">
    <subfield code="a">&#x627;&#x644;&#x641;&#x64A;&#x62F;&#x64A;&#x648;&#x60C; &#x623;&#x634;&#x631;&#x637;&#x629;</subfield>
  </datafield>
  <datafield tag="650" ind1="0" ind2="4">
    <subfield code="a">&#x627;&#x644;&#x62A;&#x633;&#x62C;&#x64A;&#x644;&#x627;&#x62A; &#x627;&#x644;&#x645;&#x631;&#x626;&#x64A;&#x629;</subfield>
  </datafield>
  <datafield tag="650" ind1="0" ind2="4">
    <subfield code="a">&#x627;&#x644;&#x627;&#x641;&#x644;&#x627;&#x645; &#x627;&#x644;&#x643;&#x648;&#x645;&#x64A;&#x62F;&#x64A;&#x629;</subfield>
  </datafield>
  <datafield tag="942" ind1=" " ind2=" ">
    <subfield code="2">ddc</subfield>
    <subfield code="c">VM</subfield>
  </datafield>
  <datafield tag="999" ind1=" " ind2=" ">
    <subfield code="c">37368</subfield>
    <subfield code="d">37368</subfield>
  </datafield>
  <datafield tag="952" ind1=" " ind2=" ">
    <subfield code="0">0</subfield>
    <subfield code="1">0</subfield>
    <subfield code="4">0</subfield>
    <subfield code="7">0</subfield>
    <subfield code="a">CAI</subfield>
    <subfield code="b">CAI</subfield>
    <subfield code="d">2014-03-26</subfield>
    <subfield code="l">0</subfield>
    <subfield code="o">&#x634; &#x641;\7914.43\ &#x641; &#x631;</subfield>
    <subfield code="p">91128</subfield>
    <subfield code="r">2014-03-26 00:00:00</subfield>
    <subfield code="w">2014-03-26</subfield>
    <subfield code="y">VM</subfield>
  </datafield>
  <datafield tag="952" ind1=" " ind2=" ">
    <subfield code="0">0</subfield>
    <subfield code="1">0</subfield>
    <subfield code="4">0</subfield>
    <subfield code="7">0</subfield>
    <subfield code="a">CAI</subfield>
    <subfield code="b">CAI</subfield>
    <subfield code="d">2014-03-26</subfield>
    <subfield code="l">0</subfield>
    <subfield code="o">&#x634; &#x641;\7914.43\ &#x641; &#x631;</subfield>
    <subfield code="p">91129</subfield>
    <subfield code="r">2014-03-26 00:00:00</subfield>
    <subfield code="w">2014-03-26</subfield>
    <subfield code="y">VM</subfield>
  </datafield>
  <datafield tag="952" ind1=" " ind2=" ">
    <subfield code="0">0</subfield>
    <subfield code="1">0</subfield>
    <subfield code="4">0</subfield>
    <subfield code="7">0</subfield>
    <subfield code="a">CAI</subfield>
    <subfield code="b">CAI</subfield>
    <subfield code="d">2014-03-26</subfield>
    <subfield code="l">0</subfield>
    <subfield code="o">&#x634; &#x641;\7914.43\ &#x641; &#x631;</subfield>
    <subfield code="p">91130</subfield>
    <subfield code="r">2014-03-26 00:00:00</subfield>
    <subfield code="w">2014-03-26</subfield>
    <subfield code="y">VM</subfield>
  </datafield>
</record>
